| 000 | 00632nam a2200205 a 4500 | ||
|---|---|---|---|
| 999 |
_c2797 _d2797 |
||
| 001 | 2797 | ||
| 003 | BD-JhCC | ||
| 005 | 20181105134016.0 | ||
| 008 | 171106b1391 bg ||||| |||| 00| 0 ben d | ||
| 035 | _a(BD-JhCC) | ||
| 040 |
_aBD-JhCC _dBD-JhCC |
||
| 041 | _aben | ||
| 082 |
_a891.443 _bALI 1391 |
||
| 100 | _aআলী, সৈয়দ মুজতবা | ||
| 245 |
_aধূপছায়া / _cসৈয়দ মুজতবা আলী |
||
| 260 |
_aঢাকা: _bস্টুডেন্ট ওয়েজ ; _c১৩৯১ |
||
| 300 |
_a১৪১ পৃ.; _c২২ সেমি |
||
| 650 | _aNovel | ||
| 942 |
_2ddc _cBK _01 |
||